| Tag |
First Indicator |
Second Indicator |
Subfields |
| LEADER |
00000cam a2200000 i 4500 |
| 001 |
in00004039413 |
| 005 |
20210514091321.0 |
| 006 |
m o d f |
| 007 |
cr b|||||a|||| |
| 008 |
180327s2018 dcua ob f000 0 eng c |
| 035 |
|
|
|a (OCoLC)on1029624304
|
| 042 |
|
|
|a pcc
|
| 043 |
|
|
|a n-us---
|
| 040 |
|
|
|a GPO
|b eng
|e rda
|e pn
|c GPO
|d MERUC
|d OCLCF
|d UOK
|d GPO
|d MvI
|
| 049 |
|
|
|a WWW
|
| 050 |
|
4 |
|a KF26
|b .H63 2017a
|
| 074 |
|
|
|a 1037-D (online)
|
| 086 |
0 |
|
|a Y 4.G 74/9:S.HRG.115-178
|
| 110 |
1 |
|
|a United States.
|b Congress.
|b Senate.
|b Committee on Homeland Security and Governmental Affairs,
|e author.
|
| 245 |
1 |
0 |
|a Duplication, waste, and fraud in federal programs :
|b hearing before the Committee on Homeland Security and Governmental Affairs, United States Senate, One Hundred Fifteenth Congress, first session, April 26, 2017.
|
| 264 |
|
1 |
|a Washington :
|b U.S. Government Publishing Office,
|c 2018.
|
| 300 |
|
|
|a 1 online resource (iii, 118 pages) :
|b illustrations.
|
| 336 |
|
|
|a text
|b txt
|2 rdacontent
|
| 337 |
|
|
|a computer
|b c
|2 rdamedia
|
| 338 |
|
|
|a online resource
|b cr
|2 rdacarrier
|
| 490 |
1 |
|
|a S. hrg. ;
|v 115-178
|
| 588 |
|
|
|a Description based on online resource; title from PDF title screen (govinfo, viewed on March 27, 2018).
|
| 500 |
|
|
|a Paper version available for sale by the Superintendent of Documents, United States Government Publishing Office.
|
| 504 |
|
|
|a Includes bibliographical references.
|
| 650 |
|
0 |
|a Waste in government spending
|z United States
|x Prevention.
|
| 650 |
|
0 |
|a Fraud
|z United States
|x Prevention.
|
| 650 |
|
0 |
|a Executive departments
|z United States
|x Management.
|
| 650 |
|
0 |
|a Administrative agencies
|z United States
|x Management.
|
| 650 |
|
0 |
|a Government productivity
|z United States.
|
| 650 |
|
0 |
|a Veterans
|x Services for
|z United States.
|
| 650 |
|
0 |
|a Fiscal policy
|z United States.
|
| 655 |
|
7 |
|a Legislative hearings.
|2 lcgft
|
| 776 |
0 |
8 |
|i Print version:
|a United States. Congress. Senate. Committee on Homeland Security and Governmental Affairs.
|t Duplication, waste, and fraud in federal programs
|w (OCoLC)1029354162
|
| 776 |
0 |
8 |
|i Microfiche version:
|a United States. Congress. Senate. Committee on Homeland Security and Governmental Affairs.
|t Duplication, waste, and fraud in federal programs
|w (OCoLC)1050338872
|
| 810 |
1 |
|
|a United States.
|b Congress.
|b Senate.
|t S. hrg. ;
|v 115-178.
|
| 856 |
4 |
0 |
|u https://purl.fdlp.gov/GPO/gpo90265
|t 0
|
| 856 |
4 |
0 |
|u http://purl.fdlp.gov/GPO/gpo90265
|t 0
|
| 999 |
f |
f |
|s 964d6e84-10eb-3531-891e-3987d2a1eccc
|i 512b6ba5-8cd8-3d2c-bc81-11193830c002
|t 0
|
| 952 |
f |
f |
|a Texas A&M University
|b College Station
|c Electronic Resources
|d Available Online
|t 0
|e Y 4.G 74/9:S.HRG.115-178
|h Superintendent of Documents classification
|
| 998 |
f |
f |
|a Y 4.G 74/9:S.HRG.115-178
|t 0
|l Available Online
|